000
00271nam a2200097Ia 4500
008
230907s9999||||xx |||||||||||||| ||und||
082
_a
333.79,RES
245
0
_a
Research and technology management in the electricity industry :
300
_a
viii, 359 pages :
942
_c
BK
999
_c
597519
_d
597519